[Event "Make the most of your pieces"]
[Site "SchemingMind.com"]
[Date "2012.03.07"]
[Round "-"]
[White "Clive Everill"]
[Black "smothered mate"]
[Result "0-1"]
[WhiteCountry "CZE"]
[BlackCountry "POL"]
[WhiteElo "1733"]
[WhiteRD "56"]
[BlackElo "1994"]
[BlackRD "71"]
[GameID "304917"]

1. e4 e5 2. f4 Bc5 3. Nf3 d6 4. c3 Qe7 5. d4 exd4 6. cxd4 Qxe4+ 7. Be2 Bb4+ 8. Nc3 Bxc3+ 9. bxc3 Nf6 10. O-O O-O
11. Bd3 Qc6 12. Qc2 Bg4 13. Nd2 Nd5 14. Bxh7+ Kh8 15. Nb1 Nd7 16. Be4 Rae8 17. h3 Ne3 18. Bxe3 Qxe4 19. Qxe4 Rxe4 20. Bf2 Be6
21. g3 Bxh3 22. Rd1 Bg4 23. Rd2 Rfe8 24. Na3 R4e6 25. Nb5 Bf3 26. Nxc7 Rh6 27. Kf1 Rc8 28. Nb5 a6 29. Nxd6 Rxd6 30. Rb1 b5
31. Rb3 Nb6 32. Rd3 Bd5 33. Rb2 Bc4 34. Ke2 Re8+ 35. Kd2 Bxd3 36. Kxd3 Nc4 37. Rc2 Rde6 38. a4 Re3+
0-1

[Event "Make the most of your pieces"]
[Site "SchemingMind.com"]
[Date "2012.03.07"]
[Round "-"]
[White "smothered mate"]
[Black "Clive Everill"]
[Result "1-0"]
[WhiteCountry "POL"]
[BlackCountry "CZE"]
[WhiteElo "1994"]
[WhiteRD "71"]
[BlackElo "1733"]
[BlackRD "56"]
[GameID "304918"]

1. d4 d5 2. Bg5 f6 3. Bh4 c5 4. e3 Nc6 5. Nf3 Nh6 6. Nbd2 Bg4 7. h3 Bd7 8. Bg3 Qb6 9. dxc5 Qxc5 10. Bd3 e5
11. e4 O-O-O 12. Qe2 g5 13. Nb3 Qd6 14. Rd1 d4 15. Bc4 Nb4 16. Nbxd4 Qb6 17. Nxe5 Bd6 18. Nxd7 Kxd7 19. Ne6 Kc8 20. Nxd8 Rxd8
21. Be6+ Kb8 22. Qd2 Bxg3 23. Qxd8+ Qxd8 24. Rxd8+ Kc7 25. Rd7+ Kc6 26. fxg3 Nxc2+ 27. Kd2
1-0

[Event "Make the most of your pieces"]
[Site "SchemingMind.com"]
[Date "2012.03.08"]
[Round "-"]
[White "kenneth m day"]
[Black "Naoki_M"]
[Result "1-0"]
[WhiteCountry "USA"]
[BlackCountry "JPN"]
[WhiteElo "1836"]
[WhiteRD "57"]
[BlackElo "1549"]
[BlackRD "103"]
[GameID "304954"]

1. e4 c5 2. Nc3 Nc6 3. f4 g6 4. Nf3 Bg7 5. Bc4 e6 6. O-O Nge7 7. Qe1 O-O 8. a3 a6 9. d3 b5 10. Ba2 Nd4
11. Nxd4 Bxd4+ 12. Be3 Nc6 13. Bxd4 Nxd4 14. Qd2 Bb7 15. Ne2 Rc8 16. c3 Nc6 17. Rf3 a5 18. Raf1 Ne7 19. g4 d6 20. f5 exf5
21. gxf5 Nxf5 22. Rh3 Qf6 23. exf5 g5 24. Qe3 Kg7 25. Qg3 Rh8 26. Nf4 Kf8 27. Nh5 Qe7 28. Re1 Qd8 29. f6 h6 30. Qf2 Rc7
31. Rhe3 Bc6 32. Ng7 c4 33. dxc4 a4 34. Re7 Rxe7 35. fxe7+ Qxe7 36. Rxe7 Kxe7 37. cxb5
1-0

[Event "Make the most of your pieces"]
[Site "SchemingMind.com"]
[Date "2012.03.09"]
[Round "-"]
[White "Naoki_M"]
[Black "kenneth m day"]
[Result "0-1"]
[WhiteCountry "JPN"]
[BlackCountry "USA"]
[WhiteElo "1558"]
[WhiteRD "100"]
[BlackElo "1853"]
[BlackRD "56"]
[GameID "304956"]

1. f4 e5 2. fxe5 d6 3. exd6 Bxd6 4. Nf3 Nf6 5. Nc3 Nc6 6. e3 Bg4 7. Be2 Qd7 8. h3 Bg3+ 9. Kf1 Bf5 10. d4 O-O-O
11. Bd2 Nb4 12. Bd3 Nxd3 13. cxd3 Bxd3+ 14. Kg1 Qf5 15. a4 g5 16. a5 h5 17. a6 b6 18. Qb3 g4 19. hxg4 hxg4 20. Rxh8 Rxh8
21. Qxf7 gxf3 22. gxf3 Qh3
0-1

[Event "Make the most of your pieces"]
[Site "SchemingMind.com"]
[Date "2012.03.14"]
[Round "-"]
[White "Majoanis"]
[Black "Andres21"]
[Result "1-0"]
[WhiteCountry "CAN"]
[BlackCountry "URU"]
[WhiteElo "1838"]
[WhiteRD "55"]
[BlackElo "1567"]
[BlackRD "114"]
[GameID "305136"]

1. e4 e5 2. Nf3 Nc6 3. Bb5 Bc5 4. O-O f5 5. Bxc6 dxc6 6. Nxe5 fxe4 7. Qh5+ g6 8. Nxg6 Nf6 9. Qxc5 hxg6 10. Qe5+ Qe7
11. Qxe7+ Kxe7 12. Nc3 Bf5 13. Re1 Rae8 14. d3 Kd7 15. Bg5 Nh7 16. dxe4 Nxg5 17. exf5 gxf5 18. Rad1+ Kc8 19. f4 Ne4 20. Nxe4 fxe4
21. Re3 b5 22. Rde1 c5 23. Rxe4 Kd7 24. Rxe8 Rxe8 25. Rxe8 Kxe8 26. Kf2 c4 27. Ke3 Ke7 28. b4 Ke6 29. Kd4
1-0

[Event "Make the most of your pieces"]
[Site "SchemingMind.com"]
[Date "2012.03.15"]
[Round "-"]
[White "Andres21"]
[Black "Majoanis"]
[Result "0-1"]
[WhiteCountry "URU"]
[BlackCountry "CAN"]
[WhiteElo "1567"]
[WhiteRD "114"]
[BlackElo "1838"]
[BlackRD "55"]
[GameID "305142"]

1. d4 Nf6 2. c4 g6 3. Nc3 d5 4. cxd5 Nxd5 5. e4 Nxc3 6. bxc3 Bg7 7. Nf3 c5 8. Rb1 O-O 9. Be2 cxd4 10. cxd4 Qa5+
11. Bd2 Qxa2 12. O-O Bd7 13. Rxb7 Rc8 14. Qb1 Qxb1 15. Rfxb1 e6 16. Ne5 Bxe5 17. dxe5 Bc6 18. R7b4 Nd7 19. f4 a5 20. Rc4 a4
21. Rbc1 Bb7 22. Rb4 Bc6 23. Bb5 Bxb5 24. Rxb5 Rxc1+ 25. Bxc1 a3 26. Rb3 a2 27. Bb2 a1=Q+ 28. Bxa1 Rxa1+ 29. Kf2 Nc5 30. Re3 Kg7
31. g4 Ra2+ 32. Kf3 Rxh2 33. f5 Rh3+ 34. Ke2 Rxe3+ 35. Kxe3 exf5 36. exf5 gxf5 37. gxf5 Kh6 38. Kf4 Kh5 39. e6 Nxe6+ 40. fxe6 fxe6
41. Ke5 Kg4
0-1

[Event "Make the most of your pieces"]
[Site "SchemingMind.com"]
[Date "2012.03.19"]
[Round "-"]
[White "emvarela"]
[Black "John Hamer"]
[Result "0-1"]
[WhiteCountry "ARG"]
[BlackCountry "ENG"]
[WhiteElo "1778"]
[WhiteRD "48"]
[BlackElo "1968"]
[BlackRD "70"]
[GameID "305322"]

1. e4 c6 2. d4 d5 3. Nc3 dxe4 4. Nxe4 Bf5 5. Ng3 Bg6 6. h4 h6 7. Nf3 Nf6 8. Ne5 Bh7 9. Bd3 Bxd3 10. Qxd3 e6
11. Bf4 Qa5+ 12. Bd2 Qc7 13. O-O-O Nbd7 14. Be3 Nxe5 15. dxe5 Qxe5 16. Bd4 Qf4+ 17. Be3 Qc7 18. c4 Be7 19. Ne4 O-O 20. Nxf6+ Bxf6
21. g4 Rad8 22. Qe4 Rxd1+ 23. Rxd1 Bxh4 24. g5 hxg5 25. Rh1 Rd8 26. Bxg5 Bxg5+ 27. Kb1 Rd2 28. Qh7+ Kf8 29. Qh8+ Ke7 30. Qxg7 Bf6
31. Qh6 Rxb2+ 32. Kc1 Rxa2
0-1

[Event "Make the most of your pieces"]
[Site "SchemingMind.com"]
[Date "2012.03.19"]
[Round "-"]
[White "John Hamer"]
[Black "emvarela"]
[Result "1-0"]
[WhiteCountry "ENG"]
[BlackCountry "ARG"]
[WhiteElo "1968"]
[WhiteRD "70"]
[BlackElo "1778"]
[BlackRD "48"]
[GameID "305323"]

1. d4 Nf6 2. c4 e6 3. Nc3 Bb4 4. Nf3 c5 5. e3 O-O 6. Bd3 d5 7. O-O dxc4 8. Bxc4 Nbd7 9. Qe2 b6 10. Rd1 Bxc3
11. bxc3 Bb7 12. Bd3 cxd4 13. exd4 Qc7 14. c4 Bxf3 15. Qxf3 Rac8 16. Bf4 Qc6 17. Qe3 Rfe8 18. Rab1 Nf8 19. Bg5 Qa4 20. Qg3 Ng6
21. Qf3 Nd7 22. Qb7 f6 23. Be3 Qc6 24. Qa6 Rc7 25. Rbc1 f5 26. c5 bxc5 27. Qc4 Rec8 28. Bxf5 Kf7 29. d5
1-0

[Event "Make the most of your pieces"]
[Site "SchemingMind.com"]
[Date "2012.03.15"]
[Round "-"]
[White "Scooter"]
[Black "lennart"]
[Result "1-0"]
[WhiteCountry "USA"]
[BlackCountry "SWE"]
[WhiteElo "1790"]
[WhiteRD "53"]
[BlackElo "1577"]
[BlackRD "53"]
[GameID "305414"]

1. d4 d5 2. Nf3 Nf6 3. Bf4 h6 4. h3 e6 5. e3 Nc6 6. Bb5 Bd7 7. O-O a6 8. Bxc6 bxc6 9. Nbd2 c5 10. c3 c4
11. Re1 a5 12. Ne5 c5 13. b3 cxd4 14. cxd4 c3 15. Nxd7 Qxd7 16. Nf3 Ne4 17. Ne5 Qb5 18. Qe2 Qxe2 19. Rxe2 Rc8 20. Rc2 Be7
21. f3 Nd6 22. Bg3 Rc7 23. Be1 O-O 24. Rxc3 Rxc3 25. Bxc3 Bg5 26. f4 Bh4 27. Bxa5 Rc8 28. a4 Ne4 29. Nd3 Kh7 30. Be1 Bd8
31. a5 Ra8 32. b4 Nd6 33. Ne5 Nb5 34. Nxf7 Bc7 35. Ne5 g6 36. Nd7 Kg7 37. Nc5 Kf7 38. g4 Ke7 39. Bh4+ Kd6 40. Bf6 Na7
41. Be5+ Kc6 42. Bxc7 Kxc7 43. Nxe6+ Kd6 44. Nc5 Kc6 45. Rc1 Kb5 46. Nd3 Rd8 47. Rc5+ Ka4 48. a6 Rd6 49. b5 Nxb5 50. Rc8 Rxa6
51. Nc5+
1-0

[Event "Make the most of your pieces"]
[Site "SchemingMind.com"]
[Date "2012.03.15"]
[Round "-"]
[White "lennart"]
[Black "Scooter"]
[Result "1-0"]
[WhiteCountry "SWE"]
[BlackCountry "USA"]
[WhiteElo "1577"]
[WhiteRD "53"]
[BlackElo "1790"]
[BlackRD "53"]
[GameID "305420"]

1. e4 c6 2. Nf3 d5 3. e5 Bg4 4. h3 Bxf3 5. Qxf3 e6 6. Bd3 Nd7 7. Qe2 Ne7 8. O-O Qc7 9. Qf3 Nxe5 10. Qg3 O-O-O
11. Be2 N5g6 12. Qxc7+ Kxc7 13. d4 Nf5 14. c3 c5 15. Rd1 c4 16. g3 Bd6 17. b3 b5 18. a4 Kb6 19. Na3 a6 20. Rb1 Nge7
21. bxc4 Bxa3 22. Bxa3 Nd6 23. c5+
1-0

[Event "Make the most of your pieces"]
[Site "SchemingMind.com"]
[Date "2012.03.17"]
[Round "-"]
[White "lipekhetman"]
[Black "docjan"]
[Result "0-1"]
[WhiteCountry "POL"]
[BlackCountry "SWE"]
[WhiteElo "2073"]
[WhiteRD "66"]
[BlackElo "2352"]
[BlackRD "61"]
[GameID "305423"]

1. d4 Nf6 2. c4 g6 3. Nc3 Bg7 4. e4 d6 5. f3 O-O 6. Be3 e5 7. d5 Nbd7 8. Bd3 a5 9. Nge2 Nc5 10. O-O Nfd7
11. g4 Nxd3 12. Qxd3 Nc5 13. Qd2 b6 14. Rf2 a4 15. Ng3 Ba6 16. Qe2 Qd7 17. Rc1 Bc8 18. h4 Qe7 19. h5 Bf6 20. Rh2 Bg5
21. Nb5 Bf4 22. Kg2 Bxe3 23. Qxe3 f5 24. hxg6 f4 25. Rxh7 Qg5 26. Qe2 Bxg4 27. Rch1 fxg3 28. Rh8+ Kg7 29. R1h7+ Kxg6 30. Rh6+ Qxh6
31. Rxh6+ Kxh6 32. Qe3+ Kg6 33. fxg4 Rf2+ 34. Kxg3 Raf8 35. Nc3 Rxb2 36. Qc1 Nd3 37. Qh1 Nf4 38. c5 bxc5
0-1

[Event "Make the most of your pieces"]
[Site "SchemingMind.com"]
[Date "2012.03.16"]
[Round "-"]
[White "reo"]
[Black "e_safarz"]
[Result "0-1"]
[WhiteCountry "THA"]
[BlackCountry "CAN"]
[WhiteElo "1734"]
[WhiteRD "102"]
[BlackElo "2411"]
[BlackRD "68"]
[GameID "305530"]

1. d4 Nf6 2. c4 e6 3. Nc3 d5 4. cxd5 exd5 5. Bg5 c6 6. Nf3 h6 7. Bh4 Bf5 8. e3 Nbd7 9. Bd3 Bxd3 10. Qxd3 Bd6
11. Nd2 O-O 12. g4 Re8 13. O-O-O g5 14. Bg3 Bxg3 15. hxg3 Nxg4 16. Qf5 Ndf6 17. Rde1 Qc8 18. Qf3 Kg7 19. e4 dxe4 20. Ndxe4 Qd7
21. Qd1 Nxe4
0-1

[Event "Make the most of your pieces"]
[Site "SchemingMind.com"]
[Date "2012.03.16"]
[Round "-"]
[White "Michal Drus"]
[Black "John Galvin"]
[Result "0-1"]
[WhiteCountry "POL"]
[BlackCountry "USA"]
[WhiteElo "1676"]
[WhiteRD "59"]
[BlackElo "2307"]
[BlackRD "55"]
[GameID "305531"]

1. e4 c5 2. Nf3 d6 3. d4 cxd4 4. Nxd4 Nf6 5. Nc3 a6 6. Be3 Ng4 7. Bc1 Nf6 8. Be3 e5 9. Nb3 Be6 10. Qd2 Be7
11. f3 O-O 12. O-O-O a5 13. Bb5 Na6 14. g4 Nc7 15. h4 Qc8 16. h5 a4 17. g5 axb3 18. a3 bxc2 19. Qxc2 Nd7 20. h6 g6
21. Bf1 Nc5 22. Bg2 Bb3
0-1

[Event "Make the most of your pieces"]
[Site "SchemingMind.com"]
[Date "2012.03.16"]
[Round "-"]
[White "e_safarz"]
[Black "reo"]
[Result "1-0"]
[WhiteCountry "CAN"]
[BlackCountry "THA"]
[WhiteElo "2411"]
[WhiteRD "68"]
[BlackElo "1734"]
[BlackRD "102"]
[GameID "305535"]

1. e4 e5 2. Nf3 Nc6 3. Bc4 Bc5 4. c3 Nf6 5. d3 O-O 6. O-O d6 7. Bb3 a6 8. Nbd2 h6 9. Re1 Re8 10. Nf1 Be6
11. Ng3 Bxb3 12. Qxb3 b5 13. h3 Qd7 14. Bd2 Rab8 15. Nf5 Qe6 16. Qd1 Nh7 17. d4
1-0

[Event "Make the most of your pieces"]
[Site "SchemingMind.com"]
[Date "2012.03.16"]
[Round "-"]
[White "John Galvin"]
[Black "Michal Drus"]
[Result "1-0"]
[WhiteCountry "USA"]
[BlackCountry "POL"]
[WhiteElo "2307"]
[WhiteRD "55"]
[BlackElo "1676"]
[BlackRD "59"]
[GameID "305536"]

1. e4 c6 2. d4 d5 3. e5 c5 4. dxc5 e6 5. Be3 Ne7 6. Nf3 Nf5 7. Bg5 Qa5+ 8. c3 Qxc5 9. Bd3 h6 10. Bd2 Be7
11. O-O O-O 12. Na3 Nh4 13. Nxh4 Bxh4 14. Be3 Qc7 15. Nb5 Qxe5 16. Bd4 Qf4 17. g3 Qg5 18. Nc7 e5 19. Bc5
1-0

[Event "Make the most of your pieces"]
[Site "SchemingMind.com"]
[Date "2012.03.26"]
[Round "-"]
[White "lennart"]
[Black "smothered mate"]
[Result "0-1"]
[WhiteCountry "SWE"]
[BlackCountry "POL"]
[WhiteElo "1557"]
[WhiteRD "52"]
[BlackElo "1967"]
[BlackRD "65"]
[GameID "306568"]

1. e4 e6 2. Nc3 d5 3. e5 c5 4. Nf3 Nc6 5. Bb5 Qb6 6. a4 a6 7. Bxc6+ Qxc6 8. O-O Ne7 9. d4 Ng6 10. b3 cxd4
11. Ne2 Be7 12. Nexd4 Qc7 13. Re1 O-O 14. h3 Bd7 15. Bb2 Rae8 16. c3 f6 17. exf6 Bxf6 18. Ne2 Bc6 19. Ba3 Rf7 20. Rc1 e5
21. b4 Qd7 22. Qb3 Bxa4 23. Qa2 Bb5 24. Ng3 Bc4 25. Qb1 Qb5 26. Rcd1 Nf4 27. Qc2 Nd3 28. Re3 e4 29. Nd4 Bxd4 30. cxd4 Rxf2
31. Qb1 Ref8 32. Bc1 g6 33. Bd2 h5 34. Nh1 R2f5 35. Rg3 Kh7 36. h4 Qd7 37. Kh2 Nf4 38. Bxf4 Rxf4 39. Rh3 Be2 40. Rg1 Bg4
41. Rg3 Qe7 42. Qb3 Qxh4+
0-1

[Event "Make the most of your pieces"]
[Site "SchemingMind.com"]
[Date "2012.03.26"]
[Round "-"]
[White "smothered mate"]
[Black "lennart"]
[Result "1-0"]
[WhiteCountry "POL"]
[BlackCountry "SWE"]
[WhiteElo "1994"]
[WhiteRD "71"]
[BlackElo "1577"]
[BlackRD "53"]
[GameID "306569"]

1. e4 e5 2. Nf3 Nc6 3. Nc3 d6 4. Bc4 h6 5. O-O a6 6. Re1 Bg4 7. b4 b5 8. Bd5 Qd7 9. h3 Bh5 10. a4 Rb8
11. axb5 axb5 12. Bxc6 Qxc6 13. Nxe5 dxe5 14. Qxh5 Bd6 15. Qg4 g6 16. Nd5 Ne7 17. Nf6+ Kd8 18. h4 h5 19. Qh3 Bxb4 20. Ra6
1-0

[Event "Make the most of your pieces"]
[Site "SchemingMind.com"]
[Date "2012.04.21"]
[Round "-"]
[White "John Galvin"]
[Black "e_safarz"]
[Result "1/2-1/2"]
[WhiteCountry "USA"]
[BlackCountry "CAN"]
[WhiteElo "2325"]
[WhiteRD "59"]
[BlackElo "2453"]
[BlackRD "62"]
[GameID "308818"]

1. e4 e5 2. Nf3 Nc6 3. Bb5 Nf6 4. O-O Nxe4 5. d4 Nd6 6. Bxc6 dxc6 7. dxe5 Nf5 8. Qxd8+ Kxd8 9. Rd1+ Ke8 10. Nc3 Ne7
11. h3 Ng6 12. Ne2 a5 13. Be3 Be6 14. b3 Ba3 15. Rd2 Rd8 16. Rad1 Rxd2 17. Bxd2 b6 18. c4 h6 19. Ng3 Bb2 20. Rb1 Bxe5
21. Nxe5 Nxe5 22. f4 Nd3 23. f5 Bc8 24. Nh5 Ke7 25. Nxg7 h5 26. f6+ Kxf6 27. Rf1+ Ke7 28. Bc3 Rh6 29. Rd1 Rd6 30. Nxh5 Bf5
31. Rf1 Bg6 32. Bf6+ Kd7 33. Ng7 Nc5 34. Bg5 a4 35. h4 axb3 36. axb3 Ne6 37. Nxe6 Kxe6 38. Rf6+=
1/2-1/2

[Event "Make the most of your pieces"]
[Site "SchemingMind.com"]
[Date "2012.04.21"]
[Round "-"]
[White "e_safarz"]
[Black "John Galvin"]
[Result "1/2-1/2"]
[WhiteCountry "CAN"]
[BlackCountry "USA"]
[WhiteElo "2434"]
[WhiteRD "65"]
[BlackElo "2378"]
[BlackRD "60"]
[GameID "308824"]

1. d4 d5 2. Nf3 Nf6 3. c4 dxc4 4. e3 a6 5. Bxc4 e6 6. O-O Nbd7 7. a4 b6 8. Nc3 Bb4 9. Qb3 Qe7 10. e4 Bxc3
11. bxc3 Nxe4 12. Ba3 Nd6 13. Bd5 Rb8 14. Ne5 Nxe5 15. dxe5 exd5 16. exd6 cxd6 17. Qxd5 Bb7 18. Qxd6 Qxd6 19. Bxd6 Rc8 20. Rad1 Rc4
21. Rb1 Rc6 22. Rfe1+ Kd7 23. Re7+ Kxd6 24. Rxb7 Rhc8 25. Kf1 Kc5 26. Rxf7 R8c7 27. Rf8 Re7 28. Rb4 g6 29. Rd4 Ree6 30. Rfd8 Rc7
31. Ra8 a5 32. Rh8 Re5 33. Rb8 Re6 34. g3 h5 35. Rbd8 Kc6 36. f4 Kb7 37. R8d6 Rxd6 38. Rxd6 Rxc3 39. Rxg6 Ra3 40. Rh6 Rxa4
41. f5 Rc4 42. Rxh5 a4 43. f6 a3 44. f7 Rc8 45. Re5 Rf8 46. Re3 Rxf7+ 47. Ke1 b5 48. Rxa3 Kc6 49. g4 b4 50. Rd3 Ra7
51. h4 Ra2 52. Kd1 Kc5= 53. g5 Rh2 54. Rg3=
1/2-1/2

[Event "Make the most of your pieces"]
[Site "SchemingMind.com"]
[Date "2012.05.17"]
[Round "-"]
[White "docjan"]
[Black "Majoanis"]
[Result "1-0"]
[WhiteCountry "SWE"]
[BlackCountry "CAN"]
[WhiteElo "2317"]
[WhiteRD "62"]
[BlackElo "1834"]
[BlackRD "55"]
[GameID "310487"]

1. e4 Nf6 2. e5 Nd5 3. d4 d6 4. c4 Nb6 5. Nf3 Bg4 6. exd6 exd6 7. h3 Bxf3 8. Qxf3 Nc6 9. Be3 Be7 10. Bd3 Nb4
11. Bd2 Nxd3+ 12. Qxd3 O-O 13. O-O Bf6 14. Nc3 Re8 15. Rae1 Qd7 16. b3 Rxe1 17. Rxe1 Re8 18. Ne4 Bd8 19. d5 h6 20. Bc3 f5
21. Ng3 Rxe1+ 22. Bxe1
1-0

[Event "Make the most of your pieces"]
[Site "SchemingMind.com"]
[Date "2012.05.18"]
[Round "-"]
[White "Majoanis"]
[Black "docjan"]
[Result "0-1"]
[WhiteCountry "CAN"]
[BlackCountry "SWE"]
[WhiteElo "1834"]
[WhiteRD "55"]
[BlackElo "2317"]
[BlackRD "62"]
[GameID "310489"]

1. Nf3 d5 2. c4 e6 3. d4 Nf6 4. Nc3 Be7 5. Bg5 Nbd7 6. e3 O-O 7. Bd3 dxc4 8. Bxc4 h6 9. Bh4 b6 10. O-O Bb7
11. Rc1 c5 12. Qe2 a6 13. a4 Nd5 14. Bxe7 Nxc3 15. bxc3 Qxe7 16. Rfe1 Rfc8 17. e4 Nf6 18. Bd3 cxd4 19. cxd4 Rxc1 20. Rxc1 Qa3
0-1

[Event "Make the most of your pieces"]
[Site "SchemingMind.com"]
[Date "2012.06.19"]
[Round "-"]
[White "kenneth m day"]
[Black "John Hamer"]
[Result "1/2-1/2"]
[WhiteCountry "USA"]
[BlackCountry "ENG"]
[WhiteElo "1775"]
[WhiteRD "51"]
[BlackElo "1986"]
[BlackRD "66"]
[GameID "312437"]

1. e4 e5 2. Nf3 Nc6 3. c3 Nf6 4. d4 Nxe4 5. d5 Ne7 6. Nxe5 Ng6 7. Qd4 Nd6 8. Nxg6 hxg6 9. Bd3 Qe7+ 10. Be3 Rh4
11. Qc5 Qe5 12. Nd2 Nf5 13. Nf3 Bxc5 14. Nxe5 Nxe3 15. fxe3 Bxe3 16. Kd1 Rh5 17. Nf3 Rxd5 18. Kc2 Rd6 19. Rhe1 Re6 20. Bc4 Re7
21. Re2 c6 22. Rae1 Bc5 23. Rxe7+ Bxe7 24. Ne5 d5 25. Bd3 g5 26. Nf3 g4 27. Ng5 b5 28. Re3 Bd7 29. h3 gxh3 30. Nxh3 Kf8
31. Rf3 Re8 32. Nf4 Bd6 33. Ne2 Bg4 34. Rf2 Bc5 35. Nd4 Bd7 36. Rf4 Kg8 37. Rh4 g6 38. Rf4 a5 39. a3=
1/2-1/2

[Event "Make the most of your pieces"]
[Site "SchemingMind.com"]
[Date "2012.06.20"]
[Round "-"]
[White "John Hamer"]
[Black "kenneth m day"]
[Result "1/2-1/2"]
[WhiteCountry "ENG"]
[BlackCountry "USA"]
[WhiteElo "2003"]
[WhiteRD "69"]
[BlackElo "1812"]
[BlackRD "56"]
[GameID "312441"]

1. d4 Nf6 2. c4 e6 3. Nc3 Bb4 4. e3 b6 5. Nf3 Bb7 6. Bd3 O-O 7. O-O c5 8. Na4 cxd4 9. a3 Be7 10. exd4 Nc6
11. d5 exd5 12. cxd5 Na5 13. b4 Nxd5 14. bxa5 Bc6 15. Bc4 Nc7 16. axb6 axb6 17. Nxb6 Rb8 18. Bf4 Rxb6 19. Ne5 Ne6 20. Be3 Rb8
21. Qg4 Bf6 22. f4=
1/2-1/2

[Event "Make the most of your pieces"]
[Site "SchemingMind.com"]
[Date "2012.07.21"]
[Round "-"]
[White "docjan"]
[Black "John Galvin"]
[Result "0-1"]
[WhiteCountry "SWE"]
[BlackCountry "USA"]
[WhiteElo "2282"]
[WhiteRD "72"]
[BlackElo "2332"]
[BlackRD "68"]
[GameID "314770"]

1. e4 c5 2. Nf3 d6 3. d4 cxd4 4. Nxd4 Nf6 5. Nc3 a6 6. Bc4 e6 7. O-O Be7 8. f4 b5 9. Bd3 Bb7 10. Be3 Nbd7
11. a3 O-O 12. Qf3 Rc8 13. Nb3 Nc5 14. Nxc5 dxc5 15. g4 Qc7 16. g5 Ne8 17. f5 c4 18. Be2 Bc5 19. f6 gxf6 20. gxf6 Kh8
21. Kh1 Rg8 22. Rad1 Nd6 23. Bf4 Rcd8 24. Bg3 Qb6 25. Be5 Rg5 26. Bg3 Rdg8 27. b4 Bd4 28. Bf4 R5g6 29. a4 bxa4 30. b5 Nxb5
31. Nxb5 axb5 32. c3 Bxf6 33. Bg3 Qc6
0-1

[Event "Make the most of your pieces"]
[Site "SchemingMind.com"]
[Date "2012.07.21"]
[Round "-"]
[White "John Galvin"]
[Black "docjan"]
[Result "1/2-1/2"]
[WhiteCountry "USA"]
[BlackCountry "SWE"]
[WhiteElo "2314"]
[WhiteRD "69"]
[BlackElo "2243"]
[BlackRD "61"]
[GameID "314778"]

1. e4 e5 2. Nf3 Nf6 3. Bc4 Nxe4 4. Nc3 Nc6 5. Nxe4 d5 6. Bd3 dxe4 7. Bxe4 Bd6 8. O-O O-O 9. c3 h6 10. Re1 Re8
11. h3 Be6 12. d3 Qd7 13. Bxc6 Qxc6 14. Nxe5 Qb6 15. d4 Rad8 16. Qc2 c5 17. Bf4 cxd4 18. Rad1 dxc3 19. bxc3 Qc7 20. Re2 f6
21. Ng6 Bxf4 22. Rxd8 Qxd8 23. Nxf4 Bf7 24. Qb2 b6 25. Rxe8+ Qxe8 26. Ne2 Bc4 27. Nd4 Qe1+ 28. Kh2 b5 29. a3 a6 30. f3 Qe5+
31. Kg1 a5 32. Kf2 h5 33. Qd2 Qc5 34. Qb2 h4 35. Kg1 g6 36. Kh1 Kg7 37. Kg1 Qg5 38. Nc6 a4 39. Qb4 Qc1+ 40. Kh2 Qe3
41. Nd4 Qe5+ 42. Kh1=
1/2-1/2

[Event "Make the most of your pieces"]
[Site "SchemingMind.com"]
[Date "2012.09.20"]
[Round "-"]
[White "John Hamer"]
[Black "smothered mate"]
[Result "0-1"]
[WhiteCountry "ENG"]
[BlackCountry "POL"]
[WhiteElo "2028"]
[WhiteRD "67"]
[BlackElo "2033"]
[BlackRD "57"]
[GameID "318031"]

1. Nc3 d5 2. d4 e6 3. e4 Bb4 4. exd5 exd5 5. Bd3 Nc6 6. Ne2 Nge7 7. Bg5 f6 8. Bf4 Bg4 9. f3 Be6 10. O-O Qd7
11. Nb5 Ba5 12. Re1 a6 13. Nbc3 Kf7 14. a3 Bxc3 15. Nxc3 Nxd4 16. b3 Bf5 17. Be3 Bxd3 18. Qxd3 Ndc6 19. Bc5 Ne5 20. Qd2 Rhd8
21. Rad1 N5g6 22. Qd4 b6 23. Bxe7 Nxe7 24. Nxd5 Nxd5 25. c4 Qd6 26. Qxd5+= Qxd5 27. cxd5 Rd6 28. Rc1= Rc8 29. Red1 Ke7 30. Kf2 Kd7
31. Rd4 Ke7 32. Re4+ Kf7 33. Rec4 Rd7 34. Ra4 a5 35. Rac4 Ke7 36. Ke3 h6 37. f4 Re8 38. Re4+ Kd8 39. Rxe8+ Kxe8 40. Kd4 Re7
41. f5 Kd7 42. Rc3 Re5 43. g4= Re2
0-1

[Event "Make the most of your pieces"]
[Site "SchemingMind.com"]
[Date "2012.09.20"]
[Round "-"]
[White "smothered mate"]
[Black "John Hamer"]
[Result "0-1"]
[WhiteCountry "POL"]
[BlackCountry "ENG"]
[WhiteElo "2034"]
[WhiteRD "62"]
[BlackElo "2029"]
[BlackRD "66"]
[GameID "318036"]

1. e4 e5 2. Nc3 Nf6 3. f4 d5 4. fxe5 Nxe4 5. Nf3 Be7 6. d4 c5 7. Bb5+ Nc6 8. Ne2 Qa5+ 9. Nc3 Nxc3 10. Bxc6+ bxc6
11. bxc3 Qxc3+ 12. Bd2 Qc4 13. c3 Ba6 14. e6 Bf6 15. exf7+ Kxf7 16. Kf2 cxd4 17. cxd4 Bxd4+ 18. Nxd4 Qxd4+ 19. Kg3 Qd3+ 20. Kh4 Rhe8
21. Rf1+ Kg8 22. Re1 Qd4+
0-1

[Event "Make the most of your pieces"]
[Site "SchemingMind.com"]
[Date "2012.12.12"]
[Round "-"]
[White "smothered mate"]
[Black "John Galvin"]
[Result "0-1"]
[WhiteCountry "POL"]
[BlackCountry "USA"]
[WhiteElo "1979"]
[WhiteRD "59"]
[BlackElo "2342"]
[BlackRD "72"]
[GameID "322673"]

1. e4 c5 2. Nf3 d6 3. d4 cxd4 4. Nxd4 Nf6 5. Nc3 a6 6. Be3 e5 7. Nb3 Be7 8. f3 O-O 9. Qd2 Be6 10. O-O-O Nbd7
11. Kb1 b5 12. g4 b4 13. Na4 Rb8 14. c3 a5 15. Qc2 Qc7 16. Rd2 Qc6 17. Nxa5 Qa8 18. cxb4 Rfc8 19. Nc3 Rxb4 20. Nb3 d5
21. g5 Nxe4 22. fxe4 d4 23. Nxd4 exd4 24. Rxd4 Rxc3 25. Qxc3 Qxa2+ 26. Kc1 Rb3 27. Qc8+ Nf8 28. Qc7 Qxb2+ 29. Kd1 Bg4+ 30. Ke1 Rxe3+
31. Be2 Qxe2#
0-1

[Event "Make the most of your pieces"]
[Site "SchemingMind.com"]
[Date "2012.12.12"]
[Round "-"]
[White "John Galvin"]
[Black "smothered mate"]
[Result "1-0"]
[WhiteCountry "USA"]
[BlackCountry "POL"]
[WhiteElo "2350"]
[WhiteRD "76"]
[BlackElo "1984"]
[BlackRD "58"]
[GameID "322679"]

1. e4 c5 2. Nf3 d6 3. Bb5+ Nd7 4. a4 Nf6 5. Nc3 a6 6. Be2 e6 7. O-O Be7 8. d4 cxd4 9. Qxd4 O-O 10. Rd1 Qc7
11. Qc4 Qb8 12. a5 Ng4 13. Bf4 Qa7 14. Bg3 b5 15. axb6 Nxb6 16. Qd3 Nd7 17. Nb5 Qb6 18. Nxd6 Nc5 19. Qd4 Rd8 20. Nc4 Rxd4
21. Nxb6
1-0